[Event "2023 National K-12 Grade Championships"]
[Site "Orlando, Florida, United States"]
[Date "2023.12.17"]
[Round "6.13"]
[White "Reiss, Aiden"]
[Black "Yao, Jerry"]
[Result "1-0"]
[TimeControl "G/90;d10"]
[WhiteElo "2260"]
[BlackElo "2004"]

1. e4 {[%clk 01:12:26]} {[%emt 00:17:43]} c6 {[%clk 01:30:00]} {[%emt
00:00:09]} 2. Nf3 {[%clk 01:12:26]} {[%emt 00:00:02]} d5 {[%clk 01:30:00]}
{[%emt 00:00:05]} 3. Nc3 {[%clk 01:12:26]} {[%emt 00:00:05]} Bg4 {[%clk
01:30:00]} {[%emt 00:00:04]} 4. h3 {[%clk 01:12:26]} {[%emt 00:00:02]} Bxf3
{[%clk 01:30:00]} {[%emt 00:00:05]} 5. Qxf3 {[%clk 01:12:26]} {[%emt 00:00:03]}
e6 {[%clk 01:30:00]} {[%emt 00:00:07]} 6. Be2 {[%clk 01:12:26]} {[%emt
00:00:03]} Nf6 {[%clk 01:30:00]} {[%emt 00:00:08]} 7. O-O {[%clk 01:12:18]}
{[%emt 00:00:17]} Bc5 {[%clk 01:30:00]} {[%emt 00:00:08]} 8. Rd1 {[%clk
01:11:38]} {[%emt 00:00:49]} Bd4 {[%clk 01:19:13]} {[%emt 00:10:57]} 9. Qf4
{[%clk 01:10:07]} {[%emt 00:01:41]} dxe4 {[%clk 01:17:43]} {[%emt 00:01:41]} 10.
Nxe4 {[%clk 01:05:36]} {[%emt 00:04:41]} Nxe4 {[%clk 01:16:30]} {[%emt
00:01:23]} 11. Qxe4 {[%clk 01:03:51]} {[%emt 00:01:55]} Qf6 {[%clk 01:12:15]}
{[%emt 00:04:25]} 12. Bf3 {[%clk 01:00:46]} {[%emt 00:03:14]} Qe5 {[%clk
00:48:57]} {[%emt 00:23:28]} 13. c3 {[%clk 00:57:52]} {[%emt 00:03:05]} Qxe4
{[%clk 00:48:40]} {[%emt 00:00:27]} 14. Bxe4 {[%clk 00:57:52]} {[%emt
00:00:02]} Bb6 {[%clk 00:43:51]} {[%emt 00:04:59]} 15. b4 {[%clk 00:57:11]}
{[%emt 00:00:51]} a6 {[%clk 00:43:25]} {[%emt 00:00:37]} 16. a4 {[%clk
00:57:01]} {[%emt 00:00:19]} Nd7 {[%clk 00:41:52]} {[%emt 00:01:43]} 17. Ba3
{[%clk 00:56:33]} {[%emt 00:00:37]} Ne5 {[%clk 00:36:15]} {[%emt 00:05:47]} 18.
d4 {[%clk 00:54:22]} {[%emt 00:02:20]} Nc4 {[%clk 00:34:46]} {[%emt 00:01:41]}
19. Bc1 {[%clk 00:54:22]} {[%emt 00:00:09]} Nd6 {[%clk 00:32:55]} {[%emt
00:02:02]} 20. Bd3 {[%clk 00:53:59]} {[%emt 00:00:33]} O-O {[%clk 00:30:03]}
{[%emt 00:03:02]} 21. Bg5 {[%clk 00:51:52]} {[%emt 00:02:16]} Bd8 {[%clk
00:27:08]} {[%emt 00:03:05]} 22. Bf4 {[%clk 00:51:10]} {[%emt 00:00:52]} Bc7
{[%clk 00:26:18]} {[%emt 00:01:01]} 23. Rab1 {[%clk 00:51:08]} {[%emt
00:00:11]} Rfc8 {[%clk 00:14:17]} {[%emt 00:12:12]} 24. g3 {[%clk 00:49:08]}
{[%emt 00:02:09]} a5 {[%clk 00:11:20]} {[%emt 00:03:07]} 25. b5 {[%clk
00:47:13]} {[%emt 00:02:05]} cxb5 {[%clk 00:11:08]} {[%emt 00:00:22]} 26. axb5
{[%clk 00:47:05]} {[%emt 00:00:19]} Nc4 {[%clk 00:10:24]} {[%emt 00:00:54]} 27.
Bxc4 {[%clk 00:46:21]} {[%emt 00:00:54]} Bxf4 {[%clk 00:10:24]} {[%emt
00:00:05]} 28. Be2 {[%clk 00:46:16]} {[%emt 00:00:13]} Bd6 {[%clk 00:09:14]}
{[%emt 00:01:22]} 29. c4 {[%clk 00:45:52]} {[%emt 00:00:34]} Bb4 {[%clk
00:07:06]} {[%emt 00:02:18]} 30. f4 {[%clk 00:42:52]} {[%emt 00:03:09]} Rd8
{[%clk 00:06:56]} {[%emt 00:00:21]} 31. Kf2 {[%clk 00:40:27]} {[%emt 00:02:35]}
Rd7 {[%clk 00:06:40]} {[%emt 00:00:26]} 32. Ke3 {[%clk 00:40:20]} {[%emt
00:00:17]} Rad8 {[%clk 00:06:37]} {[%emt 00:00:13]} 33. Rb3 {[%clk 00:38:33]}
{[%emt 00:01:56]} Kf8 {[%clk 00:06:31]} {[%emt 00:00:17]} 34. Rbd3 {[%clk
00:34:51]} {[%emt 00:03:51]} Ke7 {[%clk 00:06:31]} {[%emt 00:00:11]} 35. Bf3
{[%clk 00:33:40]} {[%emt 00:01:14]} Rc8 {[%clk 00:04:35]} {[%emt 00:02:13]} 36.
c5 {[%clk 00:32:29]} {[%emt 00:01:21]} f6 {[%clk 00:04:35]} {[%emt 00:00:08]}
37. Ke2 {[%clk 00:31:00]} {[%emt 00:01:41]} Rcd8 {[%clk 00:04:14]} {[%emt
00:00:30]} 38. c6 {[%clk 00:28:28]} {[%emt 00:02:41]} bxc6 {[%clk 00:04:14]}
{[%emt 00:00:06]} 39. bxc6 {[%clk 00:28:12]} {[%emt 00:00:25]} Rc7 {[%clk
00:03:47]} {[%emt 00:00:37]} 40. Re3 {[%clk 00:27:14]} {[%emt 00:01:08]} Kf7
{[%clk 00:02:15]} {[%emt 00:01:43]} 41. Kd3 {[%clk 00:25:20]} {[%emt 00:02:03]}
Rd6 {[%clk 00:02:01]} {[%emt 00:00:25]} 42. Rc1 {[%clk 00:23:33]} {[%emt
00:01:56]} Ba3 {[%clk 00:01:54]} {[%emt 00:00:18]} 43. Rc4 {[%clk 00:23:22]}
{[%emt 00:00:20]} Bb4 {[%clk 00:01:09]} {[%emt 00:00:56]} 44. Kc2 {[%clk
00:22:31]} {[%emt 00:01:00]} Rd8 {[%clk 00:01:09]} {[%emt 00:00:02]} 45. g4
{[%clk 00:21:15]} {[%emt 00:01:19]} Rb8 {[%clk 00:01:09]} {[%emt 00:00:09]} 46.
f5 {[%clk 00:20:36]} {[%emt 00:00:49]} exf5 {[%clk 00:00:51]} {[%emt 00:00:28]}
47. gxf5 {[%clk 00:20:35]} {[%emt 00:00:10]} Rd8 {[%clk 00:00:29]} {[%emt
00:00:31]} 48. d5 {[%clk 00:20:06]} {[%emt 00:00:40]} Rb8 {[%clk 00:00:29]}
{[%emt 00:00:10]} 49. Re6 {[%clk 00:19:41]} {[%emt 00:00:35]} Rd8 {[%clk
00:00:29]} {[%emt 00:00:08]} 50. Rh4 {[%clk 00:18:55]} {[%emt 00:00:51]} Kg8
{[%clk 00:00:29]} {[%emt 00:00:13]} 51. Rd4 {[%clk 00:17:48]} {[%emt 00:01:14]}
Rd6 {[%clk 00:00:27]} {[%emt 00:00:14]} 52. Rxb4 {[%clk 00:17:14]} {[%emt
00:00:44]} Rxe6 {[%clk 00:00:11]} {[%emt 00:00:25]} 53. Rb8+ {[%clk 00:17:00]}
{[%emt 00:00:25]} Re8 {[%clk 00:00:11]} {[%emt 00:00:02]} 54. Rxe8+ {[%clk
00:17:00]} {[%emt 00:00:03]} Kf7 {[%clk 00:00:11]} 55. d6 {[%clk 00:16:46]}
{[%emt 00:00:24]} Rxc6+ {[%clk 00:00:05]} {[%emt 00:00:16]} 56. Bxc6 {[%clk
00:16:46]} {[%emt 00:00:02]} a4 {[%clk 00:00:05]} 57. d7 {[%clk 00:16:43]}
{[%emt 00:00:13]} 1-0

[Event "2023 National K-12 Grade Championships"]
[Site "Orlando, Florida, United States"]
[Date "2023.12.17"]
[Round "6.14"]
[White "Paragua, Dominic"]
[Black "Sattaru, Sritej Sai"]
[Result "1/2-1/2"]
[TimeControl "G/90;d10"]
[WhiteElo "2004"]
[BlackElo "2113"]

1. e4 {[%clk 01:29:55]} {[%emt 00:00:14]} e5 {[%clk 01:29:57]} {[%emt
00:00:13]} 2. d4 {[%clk 01:29:55]} {[%emt 00:00:04]} exd4 {[%clk 01:29:18]}
{[%emt 00:00:49]} 3. Qxd4 {[%clk 01:29:55]} {[%emt 00:00:07]} Nc6 {[%clk
01:28:48]} {[%emt 00:00:40]} 4. Qe3 {[%clk 01:29:55]} {[%emt 00:00:08]} b6
{[%clk 01:27:12]} {[%emt 00:01:47]} 5. Nc3 {[%clk 01:29:42]} {[%emt 00:00:23]}
Bb7 {[%clk 01:26:51]} {[%emt 00:00:30]} 6. Bd2 {[%clk 01:29:28]} {[%emt
00:00:23]} g6 {[%clk 01:24:25]} {[%emt 00:02:36]} 7. O-O-O {[%clk 01:26:52]}
{[%emt 00:02:47]} Bg7 {[%clk 01:23:29]} {[%emt 00:01:05]} 8. f4 {[%clk
01:20:29]} {[%emt 00:06:34]} Qf6 {[%clk 01:21:47]} {[%emt 00:01:52]} 9. Nf3
{[%clk 01:19:16]} {[%emt 00:01:24]} O-O-O {[%clk 01:21:01]} {[%emt 00:00:55]}
10. e5 {[%clk 01:09:30]} {[%emt 00:09:57]} Qe7 {[%clk 01:20:26]} {[%emt
00:00:45]} 11. Nd5 {[%clk 01:07:43]} {[%emt 00:01:57]} Qf8 {[%clk 01:19:36]}
{[%emt 00:01:00]} 12. Bc4 {[%clk 01:05:02]} {[%emt 00:02:51]} Re8 {[%clk
01:06:45]} {[%emt 00:13:01]} 13. Qb3 {[%clk 00:56:07]} {[%emt 00:09:05]} f6
{[%clk 01:04:10]} {[%emt 00:02:45]} 14. exf6 {[%clk 00:47:32]} {[%emt
00:08:45]} Nxf6 {[%clk 01:02:59]} {[%emt 00:01:21]} 15. Nxf6 {[%clk 00:42:35]}
{[%emt 00:05:07]} Bxf6 {[%clk 00:59:25]} {[%emt 00:03:43]} 16. Qd3 {[%clk
00:39:57]} {[%emt 00:02:48]} Qg7 {[%clk 00:57:11]} {[%emt 00:02:23]} 17. c3
{[%clk 00:38:56]} {[%emt 00:01:12]} Nb4 {[%clk 00:48:32]} {[%emt 00:08:50]} 18.
Qf1 {[%clk 00:36:44]} {[%emt 00:02:21]} Nc6 {[%clk 00:40:58]} {[%emt 00:07:44]}
19. Qd3 {[%clk 00:36:35]} {[%emt 00:00:20]} Kb8 {[%clk 00:40:40]} {[%emt
00:00:26]} 20. Rhe1 {[%clk 00:34:03]} {[%emt 00:02:44]} a5 {[%clk 00:36:38]}
{[%emt 00:04:13]} 1/2-1/2

[Event "2023 National K-12 Grade Championships"]
[Site "Orlando, Florida, United States"]
[Date "2023.12.17"]
[Round "6.15"]
[White "Vemparala, Nikash"]
[Black "Moorhouse, Will"]
[Result "1-0"]
[TimeControl "G/90;d10"]
[WhiteElo "2232"]
[BlackElo "2000"]

1. e4 {[%clk 01:29:35]} {[%emt 00:00:34]} c5 {[%clk 01:29:55]} {[%emt
00:00:16]} 2. Nf3 {[%clk 01:29:25]} {[%emt 00:00:19]} e6 {[%clk 01:29:51]}
{[%emt 00:00:14]} 3. b3 {[%clk 01:29:02]} {[%emt 00:00:33]} d5 {[%clk
01:29:41]} {[%emt 00:00:20]} 4. exd5 {[%clk 01:22:26]} {[%emt 00:06:47]} exd5
{[%clk 01:29:41]} {[%emt 00:00:08]} 5. Bb5+ {[%clk 01:22:19]} {[%emt 00:00:17]}
Nc6 {[%clk 01:29:39]} {[%emt 00:00:11]} 6. Qe2+ {[%clk 01:22:09]} {[%emt
00:00:21]} Qe7 {[%clk 01:22:25]} {[%emt 00:07:24]} 7. Ne5 {[%clk 01:18:19]}
{[%emt 00:04:00]} Bd7 {[%clk 01:20:59]} {[%emt 00:01:36]} 8. Bxc6 {[%clk
01:16:08]} {[%emt 00:02:21]} bxc6 {[%clk 01:17:31]} {[%emt 00:03:38]} 9. Ba3
{[%clk 01:11:30]} {[%emt 00:04:48]} g6 {[%clk 01:06:58]} {[%emt 00:10:43]} 10.
d4 {[%clk 01:08:05]} {[%emt 00:03:35]} Qe6 {[%clk 00:58:51]} {[%emt 00:08:17]}
11. Nxd7 {[%clk 01:03:27]} {[%emt 00:04:48]} Qxe2+ {[%clk 00:54:53]} {[%emt
00:04:08]} 12. Kxe2 {[%clk 01:03:27]} {[%emt 00:00:01]} Kxd7 {[%clk 00:54:53]}
{[%emt 00:00:02]} 13. Bxc5 {[%clk 01:03:19]} {[%emt 00:00:18]} Bxc5 {[%clk
00:50:38]} {[%emt 00:04:24]} 14. dxc5 {[%clk 01:02:28]} {[%emt 00:01:01]} Nf6
{[%clk 00:48:01]} {[%emt 00:02:47]} 15. f3 {[%clk 00:58:57]} {[%emt 00:03:41]}
Rhe8+ {[%clk 00:46:17]} {[%emt 00:01:55]} 16. Kf2 {[%clk 00:58:57]} {[%emt
00:00:02]} Re5 {[%clk 00:45:50]} {[%emt 00:00:37]} 17. Nc3 {[%clk 00:55:26]}
{[%emt 00:03:40]} d4 {[%clk 00:38:18]} {[%emt 00:07:43]} 18. Rad1 {[%clk
00:50:28]} {[%emt 00:05:07]} Rxc5 {[%clk 00:36:04]} {[%emt 00:02:25]} 19. Rxd4+
{[%clk 00:50:28]} Nd5 {[%clk 00:31:07]} {[%emt 00:05:06]} 20. Nxd5 {[%clk
00:49:35]} {[%emt 00:01:03]} Rxc2+ {[%clk 00:30:59]} {[%emt 00:00:18]} 21. Ke3
{[%clk 00:36:57]} {[%emt 00:12:48]} cxd5 {[%clk 00:30:59]} {[%emt 00:00:11]} 22.
Rxd5+ {[%clk 00:36:57]} {[%emt 00:00:01]} Ke6 {[%clk 00:29:00]} {[%emt
00:02:08]} 23. Rd2 {[%clk 00:36:35]} {[%emt 00:00:32]} Rc3+ {[%clk 00:28:25]}
{[%emt 00:00:45]} 24. Kf2 {[%clk 00:36:24]} {[%emt 00:00:21]} a5 {[%clk
00:25:43]} {[%emt 00:02:54]} 25. Re1+ {[%clk 00:36:24]} {[%emt 00:00:06]} Kf6
{[%clk 00:25:41]} {[%emt 00:00:11]} 26. Re3 {[%clk 00:34:52]} {[%emt 00:01:42]}
Rac8 {[%clk 00:19:35]} {[%emt 00:06:16]} 27. Re4 {[%clk 00:32:03]} {[%emt
00:02:59]} R8c5 {[%clk 00:18:28]} {[%emt 00:01:18]} 28. Ra4 {[%clk 00:31:25]}
{[%emt 00:00:47]} Rc1 {[%clk 00:15:35]} {[%emt 00:03:03]} 29. Kg3 {[%clk
00:30:30]} {[%emt 00:01:04]} Rg1 {[%clk 00:13:00]} {[%emt 00:02:46]} 30. h4
{[%clk 00:27:26]} {[%emt 00:03:14]} Re1 {[%clk 00:11:23]} {[%emt 00:01:47]} 31.
Kh2 {[%clk 00:26:17]} {[%emt 00:01:19]} Re3 {[%clk 00:10:44]} {[%emt 00:00:50]}
32. Kh3 {[%clk 00:25:18]} {[%emt 00:01:08]} h5 {[%clk 00:10:08]} {[%emt
00:00:47]} 33. Rd7 {[%clk 00:23:14]} {[%emt 00:02:13]} Ke6 {[%clk 00:08:10]}
{[%emt 00:02:08]} 34. Ra7 {[%clk 00:22:56]} {[%emt 00:00:29]} Ree5 {[%clk
00:04:51]} {[%emt 00:03:28]} 35. Rf4 {[%clk 00:22:16]} {[%emt 00:00:50]} f6
{[%clk 00:04:50]} {[%emt 00:00:11]} 36. Ra6+ {[%clk 00:22:16]} {[%emt
00:00:06]} Kd5 {[%clk 00:04:33]} {[%emt 00:00:26]} 37. Rfxf6 {[%clk 00:22:16]}
{[%emt 00:00:06]} Re1 {[%clk 00:04:33]} {[%emt 00:00:02]} 38. Rad6+ {[%clk
00:22:16]} {[%emt 00:00:09]} 1-0

[Event "2023 National K-12 Grade Championships"]
[Site "Orlando, Florida, United States"]
[Date "2023.12.17"]
[Round "6.16"]
[White "Liu, Eric Chang"]
[Black "Casares, Santiago"]
[Result "1-0"]
[TimeControl "G/90;d10"]
[WhiteElo "2377"]
[BlackElo "2064"]

1. e4 {[%clk 01:30:00]} {[%emt 00:00:01]} c5 {[%clk 01:29:04]} {[%emt
00:01:07]} 2. Nf3 {[%clk 01:30:00]} {[%emt 00:00:05]} d6 {[%clk 01:29:04]}
{[%emt 00:00:06]} 3. d4 {[%clk 01:30:00]} {[%emt 00:00:05]} cxd4 {[%clk
01:29:04]} {[%emt 00:00:05]} 4. Nxd4 {[%clk 01:30:00]} {[%emt 00:00:04]} Nf6
{[%clk 01:29:03]} {[%emt 00:00:11]} 5. Nc3 {[%clk 01:30:00]} {[%emt 00:00:05]}
Nc6 {[%clk 01:29:03]} {[%emt 00:00:04]} 6. Bb5 {[%clk 01:30:00]} {[%emt
00:00:06]} Bd7 {[%clk 01:29:03]} {[%emt 00:00:09]} 7. Bg5 {[%clk 01:30:00]}
{[%emt 00:00:05]} e6 {[%clk 01:25:59]} {[%emt 00:03:15]} 8. Qd3 {[%clk
01:30:00]} {[%emt 00:00:05]} Be7 {[%clk 01:25:11]} {[%emt 00:00:58]} 9. O-O-O
{[%clk 01:30:00]} {[%emt 00:00:07]} Qc7 {[%clk 01:21:01]} {[%emt 00:04:20]} 10.
f4 {[%clk 01:22:35]} {[%emt 00:07:35]} a6 {[%clk 01:06:32]} {[%emt 00:14:39]}
11. Bxc6 {[%clk 01:22:21]} {[%emt 00:00:25]} bxc6 {[%clk 00:57:27]} {[%emt
00:09:15]} 12. Nf3 {[%clk 01:15:04]} {[%emt 00:07:26]} h6 {[%clk 00:47:02]}
{[%emt 00:10:35]} 13. Bh4 {[%clk 01:14:54]} {[%emt 00:00:20]} d5 {[%clk
00:46:37]} {[%emt 00:00:35]} 14. e5 {[%clk 01:06:20]} {[%emt 00:08:45]} Ng8
{[%clk 00:46:13]} {[%emt 00:00:33]} 15. Bf2 {[%clk 00:54:22]} {[%emt 00:12:07]}
h5 {[%clk 00:34:47]} {[%emt 00:11:36]} 16. h3 {[%clk 00:50:10]} {[%emt
00:04:22]} h4 {[%clk 00:34:23]} {[%emt 00:00:35]} 17. Ne2 {[%clk 00:48:03]}
{[%emt 00:02:17]} g6 {[%clk 00:28:02]} {[%emt 00:06:31]} 18. c4 {[%clk
00:46:46]} {[%emt 00:01:27]} Qa5 {[%clk 00:24:01]} {[%emt 00:04:10]} 19. Kb1
{[%clk 00:46:44]} {[%emt 00:00:13]} Rb8 {[%clk 00:23:29]} {[%emt 00:00:41]} 20.
Rc1 {[%clk 00:34:49]} {[%emt 00:12:05]} c5 {[%clk 00:17:29]} {[%emt 00:06:11]}
21. Ka1 {[%clk 00:23:29]} {[%emt 00:11:31]} Bc6 {[%clk 00:13:06]} {[%emt
00:04:31]} 22. cxd5 {[%clk 00:19:00]} {[%emt 00:04:41]} Bxd5 {[%clk 00:11:45]}
{[%emt 00:01:30]} 23. Nc3 {[%clk 00:19:00]} {[%emt 00:00:06]} Bc6 {[%clk
00:09:32]} {[%emt 00:02:22]} 24. Rc2 {[%clk 00:14:48]} {[%emt 00:04:22]} Qb4
{[%clk 00:08:23]} {[%emt 00:01:19]} 25. Qxa6 {[%clk 00:14:10]} {[%emt
00:00:49]} Bxf3 {[%clk 00:05:27]} {[%emt 00:03:05]} 26. gxf3 {[%emt 00:00:06]}
Qxf4 {[%clk 00:05:27]} {[%emt 00:00:06]} 27. Qc6+ {[%clk 00:13:00]} {[%emt
00:01:21]} Kf8 {[%clk 00:05:27]} {[%emt 00:00:06]} 28. Qe4 {[%clk 00:12:24]}
{[%emt 00:00:46]} Rb4 {[%clk 00:04:58]} {[%emt 00:00:39]} 29. Qe2 {[%clk
00:11:29]} {[%emt 00:01:05]} Kg7 {[%clk 00:03:23]} {[%emt 00:01:46]} 30. a3
{[%clk 00:11:29]} {[%emt 00:00:08]} Rb3 {[%clk 00:02:44]} {[%emt 00:00:48]} 31.
Ka2 {[%clk 00:11:23]} {[%emt 00:00:16]} Rb8 {[%clk 00:02:28]} {[%emt 00:00:27]}
32. Be3 {[%clk 00:11:02]} {[%emt 00:00:31]} Qf5 {[%clk 00:01:55]} {[%emt
00:00:43]} 33. Rd2 {[%clk 00:10:07]} {[%emt 00:01:05]} Nh6 {[%clk 00:01:01]}
{[%emt 00:01:03]} 34. Rd7 {[%clk 00:10:07]} {[%emt 00:00:01]} Bg5 {[%clk
00:00:58]} {[%emt 00:00:14]} 35. Bxc5 {[%clk 00:09:59]} {[%emt 00:00:18]} Rhd8
{[%clk 00:00:58]} {[%emt 00:00:08]} 36. Rxd8 {[%clk 00:08:47]} {[%emt
00:01:22]} Rxd8 {[%clk 00:00:58]} {[%emt 00:00:01]} 37. Qe4 {[%clk 00:08:47]}
Rd3 {[%clk 00:00:58]} {[%emt 00:00:04]} 38. Qxf5 {[%clk 00:08:38]} {[%emt
00:00:19]} Nxf5 {[%emt 00:00:02]} 39. a4 Bd2 {[%clk 00:00:47]} {[%emt
00:00:21]} 40. Rd1 {[%clk 00:08:37]} {[%emt 00:00:11]} Ng3 {[%clk 00:00:39]}
{[%emt 00:00:18]} 41. Kb1 {[%clk 00:07:12]} {[%emt 00:01:36]} Rd8 {[%clk
00:00:30]} {[%emt 00:00:19]} 42. Be7 {[%clk 00:07:12]} {[%emt 00:00:01]} 1-0

[Event "2023 National K-12 Grade Championships"]
[Site "Orlando, Florida, United States"]
[Date "2023.12.17"]
[Round "6.17"]
[White "Das, Aditeya"]
[Black "Jiang, Andrew"]
[Result "1/2-1/2"]
[TimeControl "G/90;d10"]
[WhiteElo "2129"]
[BlackElo "2314"]

1. e4 {[%clk 01:27:39]} {[%emt 00:02:31]} e5 {[%clk 01:29:45]} {[%emt
00:00:25]} 2. Nf3 {[%clk 01:27:25]} {[%emt 00:00:24]} Nc6 {[%clk 01:29:45]}
{[%emt 00:00:07]} 3. Bc4 {[%clk 01:27:25]} {[%emt 00:00:06]} Bc5 {[%clk
01:29:45]} {[%emt 00:00:09]} 4. O-O {[%clk 01:27:25]} {[%emt 00:00:07]} Nf6
{[%clk 01:29:45]} {[%emt 00:00:08]} 5. d3 {[%clk 01:27:25]} {[%emt 00:00:09]}
d6 {[%clk 01:29:23]} {[%emt 00:00:32]} 6. c3 {[%clk 01:27:25]} {[%emt
00:00:07]} a6 {[%clk 01:29:14]} {[%emt 00:00:18]} 7. a4 {[%clk 01:27:17]}
{[%emt 00:00:18]} Ba7 {[%clk 01:29:07]} {[%emt 00:00:16]} 8. h3 {[%clk
01:26:38]} {[%emt 00:00:51]} h6 {[%clk 01:28:52]} {[%emt 00:00:25]} 9. Re1
{[%clk 01:25:44]} {[%emt 00:01:03]} O-O {[%clk 01:25:23]} {[%emt 00:03:39]} 10.
b4 {[%clk 01:24:34]} {[%emt 00:01:21]} Ne7 {[%clk 01:23:48]} {[%emt 00:01:44]}
11. Bb3 {[%clk 01:21:34]} {[%emt 00:03:11]} Ng6 {[%clk 01:23:03]} {[%emt
00:00:55]} 12. Nbd2 {[%clk 01:20:32]} {[%emt 00:01:11]} c6 {[%clk 01:21:51]}
{[%emt 00:01:23]} 13. Nf1 {[%clk 01:18:58]} {[%emt 00:01:44]} Re8 {[%clk
01:20:53]} {[%emt 00:01:08]} 14. Be3 {[%clk 01:17:47]} {[%emt 00:01:21]} Bb8
{[%clk 01:20:17]} {[%emt 00:00:47]} 15. Ng3 {[%clk 01:17:13]} {[%emt 00:00:43]}
d5 {[%clk 01:17:40]} {[%emt 00:02:46]} 16. Bc2 {[%clk 01:16:39]} {[%emt
00:00:44]} Be6 {[%clk 01:15:38]} {[%emt 00:02:12]} 17. Qd2 {[%clk 01:08:01]}
{[%emt 00:08:48]} Bd6 {[%clk 01:14:06]} {[%emt 00:01:42]} 18. a5 {[%clk
01:07:20]} {[%emt 00:00:51]} Qd7 {[%clk 01:04:11]} {[%emt 00:10:06]} 19. d4
{[%clk 01:05:45]} {[%emt 00:01:45]} dxe4 {[%clk 01:01:24]} {[%emt 00:02:57]} 20.
Nxe5 {[%clk 01:04:42]} {[%emt 00:01:13]} Nxe5 {[%clk 01:00:02]} {[%emt
00:01:32]} 21. dxe5 {[%clk 01:04:36]} {[%emt 00:00:17]} Bxe5 {[%clk 01:00:02]}
{[%emt 00:00:06]} 22. Nxe4 {[%clk 01:04:05]} {[%emt 00:00:40]} Nxe4 {[%clk
00:58:33]} {[%emt 00:01:39]} 23. Bxe4 {[%clk 01:04:03]} {[%emt 00:00:12]} Qxd2
{[%clk 00:56:19]} {[%emt 00:02:24]} 24. Bxd2 {[%clk 01:04:03]} {[%emt
00:00:09]} Rad8 {[%clk 00:56:19]} {[%emt 00:00:04]} 25. Bf3 {[%clk 01:00:41]}
{[%emt 00:03:33]} f6 {[%clk 00:51:23]} {[%emt 00:05:06]} 26. Bh5 {[%clk
00:58:04]} {[%emt 00:02:46]} Re7 {[%clk 00:44:38]} {[%emt 00:06:56]} 27. f4
{[%clk 00:57:42]} {[%emt 00:00:32]} Rxd2 {[%clk 00:43:32]} {[%emt 00:01:15]} 28.
fxe5 {[%clk 00:57:42]} {[%emt 00:00:02]} f5 {[%clk 00:41:29]} {[%emt 00:02:13]}
29. Rad1 {[%clk 00:57:11]} {[%emt 00:00:41]} Red7 {[%clk 00:37:50]} {[%emt
00:03:50]} 30. g3 {[%clk 00:55:28]} {[%emt 00:01:53]} R2d3 {[%clk 00:36:46]}
{[%emt 00:01:14]} 31. Kf2 {[%clk 00:53:11]} {[%emt 00:02:26]} Kf8 {[%clk
00:35:22]} {[%emt 00:01:35]} 32. Rxd3 {[%clk 00:52:46]} {[%emt 00:00:35]} Rxd3
{[%clk 00:35:22]} {[%emt 00:00:06]} 33. Rd1 {[%clk 00:51:06]} {[%emt 00:01:50]}
Rxc3 {[%emt 00:01:15]} 34. Rd8+ {[%clk 00:51:05]} {[%emt 00:00:09]} Ke7 {[%clk
00:34:17]} {[%emt 00:00:04]} 35. Rb8 {[%clk 00:51:05]} {[%emt 00:00:04]} Rc2+
{[%clk 00:32:43]} {[%emt 00:01:44]} 36. Kg1 {[%clk 00:50:31]} {[%emt 00:00:45]}
Bd5 {[%clk 00:31:35]} {[%emt 00:01:17]} 37. Rxb7+ {[%clk 00:50:31]} {[%emt
00:00:08]} Ke6 {[%clk 00:31:35]} {[%emt 00:00:09]} 38. Bf7+ {[%clk 00:48:13]}
{[%emt 00:02:28]} Kxe5 {[%clk 00:31:07]} {[%emt 00:00:38]} 39. Bxd5 {[%clk
00:48:13]} {[%emt 00:00:06]} cxd5 {[%clk 00:31:07]} {[%emt 00:00:07]} 40. Rxg7
{[%clk 00:48:06]} {[%emt 00:00:17]} Rb2 {[%clk 00:24:26]} {[%emt 00:06:51]} 41.
Rg6 {[%clk 00:37:55]} {[%emt 00:10:21]} d4 {[%clk 00:19:36]} {[%emt 00:04:59]}
42. Kf1 {[%clk 00:37:19]} {[%emt 00:00:46]} Ke4 {[%clk 00:18:33]} {[%emt
00:01:13]} 43. Rxa6 {[%clk 00:36:02]} {[%emt 00:01:28]} Rxb4 {[%clk 00:17:08]}
{[%emt 00:01:34]} 44. Rxh6 {[%clk 00:35:40]} {[%emt 00:00:33]} Kf3 {[%clk
00:16:22]} {[%emt 00:00:56]} 45. Rb6 {[%clk 00:35:02]} {[%emt 00:00:48]} Ra4
{[%clk 00:15:56]} {[%emt 00:00:36]} 46. Rb3+ {[%clk 00:35:02]} {[%emt
00:00:04]} Ke4 {[%clk 00:15:56]} {[%emt 00:00:11]} 47. Rb5 {[%clk 00:34:52]}
{[%emt 00:00:19]} Ra3 {[%clk 00:12:13]} {[%emt 00:03:53]} 48. Kf2 {[%clk
00:33:34]} {[%emt 00:01:28]} Rf3+ {[%clk 00:11:50]} {[%emt 00:00:33]} 49. Kg2
{[%clk 00:23:22]} {[%emt 00:10:22]} Ra3 {[%clk 00:11:24]} {[%emt 00:00:37]} 50.
h4 {[%clk 00:20:20]} {[%emt 00:03:11]} d3 {[%clk 00:11:05]} {[%emt 00:00:29]}
51. Kf2 {[%clk 00:18:45]} {[%emt 00:01:44]} Ra2+ {[%clk 00:11:05]} {[%emt
00:00:02]} 52. Ke1 {[%clk 00:18:40]} {[%emt 00:00:15]} Ra1+ {[%clk 00:11:02]}
{[%emt 00:00:14]} 53. Kd2 {[%clk 00:18:19]} {[%emt 00:00:31]} Ra2+ {[%clk
00:11:02]} {[%emt 00:00:04]} 54. Kd1 {[%emt 00:01:51]} 1/2-1/2